Reusable collapsible metal crates for block rubber packaging (Record no. 66929)

MARC details
000 -LEADER
fixed length control field 00446nam a2200121Ia 4500
100 ## - MAIN ENTRY--AUTHOR NAME
Personal name Tan A G
245 #0 - TITLE STATEMENT
Title Reusable collapsible metal crates for block rubber packaging
260 ## - PUBLICATION, DISTRIBUTION, ETC. (IMPRINT)
Name of publisher In: Ensuring sustainability and competitiveness of the NR industry: Proceedings of the RRIM Rubber Growers Conference, Kuala Lumpur, 1995; p191-209
650 ## - SUBJECT ADDED ENTRY--TOPICAL TERM
Topical Term Block rubber
700 ## - ADDED ENTRY--PERSONAL NAME
Personal name Loke K M
942 ## - ADDED ENTRY ELEMENTS (KOHA)
Koha item type Journals
Holdings
Withdrawn status Lost status Damaged status Not for loan Home library Current library Shelving location Date acquired Koha item type
      Journals RRII Library RRII Library Rubber chemistry 17/12/2021 Journals